000 00663cam a2200229 4500500
005 20260329002924.0
041 _afre
042 _adc
100 1 0 _aLegros, Martin
_eauthor
245 0 0 _aLe coup de barre de Ferdinand Saussure
260 _c2014.
500 _a43
690 _aCartes
690 _aFerdinand Saussure
690 _aGéographie
690 _aGunnar Olsson
690 _aLinguistique
690 _aSignifiant
690 _aSignifié
786 0 _nPhilosophie magazine | 77 | 3 | 2014-03-01 | p. 23-23 | 1951-1787
856 4 1 _uhttps://shs.cairn.info/magazine-philosophie-magazine-2014-3-page-23?lang=fr&redirect-ssocas=7080
999 _c1819691
_d1819691